Normal view
MARC view
Entry Topical Term
001 - CONTROL NUMBER
- control field: 818465
003 - CONTROL NUMBER IDENTIFIER
- control field: OSt
005 - DATE AND TIME OF LATEST TRANSACTION
- control field: 20250821164248.0
008 - FIXED-LENGTH DATA ELEMENTS
- fixed length control field: 250821|| aca||aabn | a|a d
040 ## - CATALOGING SOURCE
- Original cataloging agency: OSt
- Transcribing agency: OSt
150 ## - HEADING--TOPICAL TERM
- Topical term or geographic name entry element: राजनीतिक शास्त्र
670 ## - SOURCE DATA FOUND
- Source citation: Work cat.: (OSt)1434833: ठुलघरिया, बद्रीसाह 818464, दैशिक - शास्त्र , 1983.
